| 000 | 01964nam0a22003011 4500 | ||
|---|---|---|---|
| 001 | rc\4977453 | ||
| 005 | 20260407104314.0 | ||
| 021 |
_aRU _b[66-67579] |
||
| 035 | _a(NLR Aleph) 008980088 | ||
| 090 |
_a9180108 _c9180108 |
||
| 100 | _a20130430d1966 |||y0rusy50 ca | ||
| 101 | 0 | _arus | |
| 102 | _aRU | ||
| 105 | _ay z ||||| | ||
| 200 | 1 |
_aРоль перелетных птиц в распространении арбовирусов _e(Материалы Второго межинститутского симпозиума, состоявшегося 26-27 апр. 1965 г. в Новосибирске) _fРед. коллегия: д-р биол. наук Г.И. Нецкий [и др.] _gСиб. отд-ние АН СССР. Биол. ин-т. Акад. мед. наук СССР. Ин-т полиомиелита и вирусных энцефалитов. М-во здравоохранения РСФСР. Омский ин-т природноочаговых инфекций |
|
| 210 |
_aНовосибирск _c"Наука". Сиб. отд-ние _d1966 |
||
| 215 |
_a70 с. _d22 |
||
| 320 | _aБиблиогр. в конце докладов | ||
| 606 |
_aПтицы _xЭпидемиологическое значение _jСборники _2psbo |
||
| 606 |
_aВирусные болезни _xЭпидемиологическое значение _jСборники _2psbo |
||
| 702 | 1 |
_aНецкий _bГ.И. _gГеоргий Иосифович _4340 |
|
| 712 | 0 | 2 | _aМежинститутский симпозиум по изучению роли перелетных птиц в распространении вирусов, передаваемых членистоногими (2; 1965; Новосибирск) |
| 712 | 0 | 2 |
_aБиологический институт _cНовосибирск _3RU\NLR\AUTH\8810059780 _9620870 |
| 801 | 0 |
_aRU _bNLR _gpsbo |
|
| 801 | 1 |
_aRU _bELAR _2rusmarc |
|
| 852 |
_aNLR _j66-6/10358 |
||
| 942 | _cBOOK | ||
| 980 | _aNB | ||